Sports Quiz

Random Sports or Basketball Quiz

NBA Top 5 Scorers by Seasons Played Quiz Stats

 Plays Quiz Updated Jun 14, 2018

Score 0/100 Timer 08:00
31 Plays Today
Nth Season Player % Correct
3rd SeasonMichael Jordan
98.1%
4th SeasonMichael Jordan
98.1%
5th SeasonMichael Jordan
98.1%
6th SeasonMichael Jordan
98.1%
7th SeasonMichael Jordan
98.1%
9th SeasonMichael Jordan
98.1%
11th SeasonMichael Jordan
98.1%
12th SeasonMichael Jordan
98.1%
13th SeasonMichael Jordan
98.1%
14th SeasonMichael Jordan
98.1%
15th SeasonLeBron James
97.7%
10th SeasonKobe Bryant
97.2%
11th SeasonKobe Bryant
97.2%
12th SeasonKobe Bryant
97.2%
13th SeasonKobe Bryant
97.2%
14th SeasonKobe Bryant
97.2%
15th SeasonKobe Bryant
97.2%
16th SeasonKobe Bryant
97.2%
17th SeasonKobe Bryant
97.2%
20th SeasonKobe Bryant
96.6%
16th SeasonLeBron James
96.4%
14th SeasonLeBron James
95.3%
1st SeasonWilt Chamberlain
94.8%
2nd SeasonWilt Chamberlain
94.8%
3rd SeasonWilt Chamberlain
94.8%
4th SeasonWilt Chamberlain
94.8%
5th SeasonWilt Chamberlain
94.8%
6th SeasonWilt Chamberlain
94.8%
7th SeasonWilt Chamberlain
94.8%
1st SeasonKareem Abdul-Jabbar
91.7%
2nd SeasonKareem Abdul-Jabbar
91.7%
3rd SeasonKareem Abdul-Jabbar
91.7%
14th SeasonKareem Abdul-Jabbar
91.7%
15th SeasonKareem Abdul-Jabbar
91.7%
Nth Season Player % Correct
16th SeasonKareem Abdul-Jabbar
91.7%
17th SeasonKareem Abdul-Jabbar
91.7%
18th SeasonKareem Abdul-Jabbar
91.7%
19th SeasonKareem Abdul-Jabbar
91.7%
20th SeasonKareem Abdul-Jabbar
91.7%
12th SeasonKarl Malone
91.6%
13th SeasonKarl Malone
91.6%
15th SeasonKarl Malone
91.6%
16th SeasonKarl Malone
91.6%
17th SeasonKarl Malone
91.6%
18th SeasonKarl Malone
91.6%
20th SeasonDirk Nowitzki
91.4%
8th SeasonMoses Malone
91.2%
15th SeasonMoses Malone
91.2%
18th SeasonMoses Malone
91.2%
20th SeasonMoses Malone
91.2%
19th SeasonDirk Nowitzki
90.3%
10th SeasonJames Harden
90.1%
5th SeasonAllen Iverson
89.4%
6th SeasonAllen Iverson
89.4%
9th SeasonAllen Iverson
89.4%
10th SeasonAllen Iverson
89.4%
12th SeasonAllen Iverson
89.4%
6th SeasonJerry West and Oscar Robertson
88.6%
7th SeasonKevin Durant
87.3%
2nd SeasonJerry West
86.7%
10th SeasonJerry West
86.7%
17th SeasonShaquille O'Neal
86.4%
16th SeasonDirk Nowitzki
85.7%
17th SeasonDirk Nowitzki
85.2%
9th SeasonRussell Westbrook
84.3%
9th SeasonJames Harden
83.7%
18th SeasonDirk Nowitzki
81.6%
1st SeasonOscar Robertson
79.7%
Nth Season Player % Correct
2nd SeasonOscar Robertson
79.7%
4th SeasonOscar Robertson
79.7%
14th SeasonCarmelo Anthony
78.4%
11th SeasonHakeem Olajuwon
76.2%
12th SeasonHakeem Olajuwon
76.2%
19th SeasonJohn Stockton
75.1%
19th SeasonTim Duncan
74.9%
18th SeasonKevin Garnett
70.4%
11th SeasonDominique Wilkins
68.2%
6th SeasonTracy McGrady
66.4%
8th SeasonGeorge Gervin
65.9%
10th SeasonGeorge Gervin
65.9%
3rd SeasonElgin Baylor
63.5%
4th SeasonElgin Baylor
63.5%
5th SeasonElgin Baylor
63.5%
19th SeasonVince Carter
61.7%
11th SeasonAlex English
56.8%
13th SeasonAlex English
56.8%
2nd SeasonRick Barry
55.4%
9th SeasonRick Barry
55.4%
20th SeasonVince Carter
53.7%
8th SeasonBob Pettit
48.2%
7th SeasonPete Maravich
47.7%
8th SeasonBernard King
46.1%
13th SeasonBernard King
46.1%
7th SeasonAdrian Dantley
45.3%
3rd SeasonBob McAdoo
44.6%
4th SeasonBob McAdoo
44.6%
8th SeasonAdrian Dantley
40.2%
1st SeasonElvin Hayes
39%
1st SeasonWalt Bellamy
15.5%
5th SeasonJack Twyman
8.9%

You're not logged in!

Compare scores with friends on all Sporcle quizzes.
OR
Log In

Show Comments

Extras

Top Quizzes Today


Score Distribution

Your Account Isn't Verified!

In order to create a playlist on Sporcle, you need to verify the email address you used during registration. Go to your Sporcle Settings to finish the process.

Report this User

Report this user for behavior that violates our Community Guidelines.

Details: